| 000 | 01059nam a2200217Ia 4500 | ||
|---|---|---|---|
| 001 | 11384 | ||
| 003 | GE_BSU | ||
| 008 | 181216s||||||||xx |||||||||||||| ||und|| | ||
| 040 | _cGE_BSU | ||
| 080 | _a630.266(479.22) | ||
| 100 | _aთარგამაძე კ.მ. ფარჯანაძე ლ.კ. | ||
| 245 | _aდაცვითი ტყის ზოლები და მათი სახალხო მეურნეობრივი მნიშვნელობა საქარტველოს პირობებში | ||
| 245 | _cრედ: ვ.ზ. გულისაშვილი | ||
| 260 | _aთბილისი. | ||
| 260 | _bსახელგამი. | ||
| 260 | _c1955 | ||
| 300 | _a172გვ.20სმ. | ||
| 300 | _eილ. ცხრილები | ||
| 653 | _aდაცვითი ტყის ზოლები და მათი სახალხო მეურნეობრივი მნიშვნელობა საქარტველოს პირობებში | ||
| 942 | _cBK | ||
| 999 |
_c44581 _d44581 |
||